00613 2200229 4500001002100000008004100021035002000062245005500082100001900137260003500156300002000191020002200211084001400233082000800247650001000255990002000265990001800285990002000303990002000323990002000343990002000363INLIS000000000000129 ind  a0010-0724000129 aMencintaimubEternal Love Series #2cMonica Anggen aAnggen, Monica aJakarta :bBhuana Sastrac2018 a341 hlm.c19 cm a978-602-455-208-4 a813 MON m a813 aFiksi aP29/CP/24/129.4 aP29/CP/24/129 aP29/CP/24/129.2 aP29/CP/24/129.3 aP29/CP/24/129.5 aP29/CP/24/129.6